Jérusalem 1900 (notice n° 1554086)

détails MARC
000 -LEADER
fixed length control field 02199cam a2200277zu 4500
003 - CONTROL NUMBER IDENTIFIER
control field FRCYB88921367
005 - DATE AND TIME OF LATEST TRANSACTION
control field 20251020123413.0
008 - FIXED-LENGTH DATA ELEMENTS--GENERAL INFORMATION
fixed length control field 251020s2013 fr | o|||||0|0|||fre d
020 ## - INTERNATIONAL STANDARD BOOK NUMBER
International Standard Book Number 9782200350604
035 ## - SYSTEM CONTROL NUMBER
System control number FRCYB88921367
040 ## - CATALOGING SOURCE
Original cataloging agency FR-PaCSA
Language of cataloging fr
Transcribing agency
Description conventions rda
100 1# - MAIN ENTRY--PERSONAL NAME
Personal name Lemire, Vincent
245 01 - TITLE STATEMENT
Title Jérusalem 1900
Remainder of title La ville sainte à l'âge des possibles
Statement of responsibility, etc. ['Lemire, Vincent']
264 #1 - PRODUCTION, PUBLICATION, DISTRIBUTION, MANUFACTURE, AND COPYRIGHT NOTICE
Name of producer, publisher, distributor, manufacturer Armand Colin
Date of production, publication, distribution, manufacture, or copyright notice 2013
300 ## - PHYSICAL DESCRIPTION
Extent p.
336 ## - CONTENT TYPE
Content type code txt
Source rdacontent
337 ## - MEDIA TYPE
Media type code c
Source rdamdedia
338 ## - CARRIER TYPE
Carrier type code c
Source rdacarrier
520 ## - SUMMARY, ETC.
Summary, etc. Jérusalem n'a pas toujours été un champ de bataille. À l'orée du XXe siècle, une autre histoire se dessine, portée par l'émergence d'une identité citadine partagée, loin des dérives communautaristes qui semblent aujourd'hui l'emporter. Cette histoire a longtemps été oubliée et mérite à elle seule d'être racontée. On y croise un maire arabe polyglotte, un député ottoman franc-maçon, des Juifs levantins, mais aussi des archéologues occidentaux occupés à creuser le sous-sol pour faire ressurgir les lieux saints de la « Jérusalem biblique ». Vincent Lemire restitue cette période exceptionnelle en s'appuyant sur les recherches les plus récentes et sur de nombreuses sources inédites, notamment les archives de la municipalité ottomane de Jérusalem. Alors que la ville sainte est aujourd'hui à un nouveau tournant de son histoire et que la question de son partage se pose une fois encore, il faut se souvenir de cet « âge des possibles » qui peut livrer quelques clés pour mieux comprendre le présent et envisager l'avenir.Vincent Lemire, ancien élève de l'ENS Fontenay-Saint-Cloud, est maître de conférences à l'université Paris-Est Marne-la-Vallée. Il est actuellement en délégation CNRS au Centre de recherche français à Jérusalem. Spécialiste d'histoire urbaine, il a notamment publié La soif de Jérusalem. Essai d'hydrohistoire, 1840-1948 (2011).
650 #0 - SUBJECT ADDED ENTRY--TOPICAL TERM
Topical term or geographic name entry element
700 0# - ADDED ENTRY--PERSONAL NAME
Personal name Lemire, Vincent
856 40 - ELECTRONIC LOCATION AND ACCESS
Access method Cyberlibris
Uniform Resource Identifier <a href="https://international.scholarvox.com/netsen/book/88921367">https://international.scholarvox.com/netsen/book/88921367</a>
Electronic format type text/html
Host name

Pas d'exemplaire disponible.

PLUDOC

PLUDOC est la plateforme unique et centralisée de gestion des bibliothèques physiques et numériques de Guinée administré par le CEDUST. Elle est la plus grande base de données de ressources documentaires pour les Étudiants, Enseignants chercheurs et Chercheurs de Guinée.

Adresse

627 919 101/664 919 101

25 boulevard du commerce
Kaloum, Conakry, Guinée

Réseaux sociaux

Powered by Netsen Group @ 2025